Jurnal pengurusan awam
| Format: | Book |
|---|---|
| Published: |
Putrajaya :
Jabatan Perkhidmatan Awam Malaysia ,
2008
|
| Subjects: |
MARC
| LEADER | 00000cam a2200000 7i4500 | ||
|---|---|---|---|
| 001 | 0000003904 | ||
| 005 | 20110908.0 | ||
| 022 | 0 | 0 | |a 1675-3720 |
| 090 | 0 | 0 | |a S 351.595 |b JPA 2008 |
| 245 | 0 | 0 | |a Jurnal pengurusan awam |
| 260 | 0 | 0 | |a Putrajaya : |b Jabatan Perkhidmatan Awam Malaysia , |c 2008 |
| 300 | |a iv.159 p. ; |c 25 cm. | ||
| 500 | 0 | 0 | |a Jilid 7 Bilangan 1(Jun 2008) |
| 650 | 0 | 0 | |a Civil service---Malaysia---Periodicals |
| 650 | 0 | 0 | |a Public administration---Malaysia---Periodicals |
| 998 | |a JPSM | ||
| 999 | |a 007682 |b Journal |c Open Shelf |e Default branch | ||